Natural resources (Record no. 553234)

MARC details
000 -LEADER
fixed length control field 00739nam a2200253Ia 4500
003 - CONTROL NUMBER IDENTIFIER
control field OSt
005 - DATE AND TIME OF LATEST TRANSACTION
control field 20220925205809.0
008 - FIXED-LENGTH DATA ELEMENTS--GENERAL INFORMATION
fixed length control field 220923b |||||||| |||| 00| 0 eng d
020 ## - INTERNATIONAL STANDARD BOOK NUMBER
International Standard Book Number 1560729023
037 ## - SOURCE OF ACQUISITION
Terms of availability General Book
040 ## - CATALOGING SOURCE
Original cataloging agency RTL
Transcribing agency RTL
Language of cataloging eng
041 ## - LANGUAGE CODE
Source of code eng
Language code of text/sound track or separate title eng
100 ## - MAIN ENTRY--PERSONAL NAME
Personal name Babkina A M Ed.
9 (RLIN) 271043
245 #0 - TITLE STATEMENT
Title Natural resources
Remainder of title Issues and outlook
260 ## - PUBLICATION, DISTRIBUTION, ETC.
Place of publication, distribution, etc. Hutington
Name of publisher, distributor, etc. Nova Science Publisher
Date of publication, distribution, etc. 2001
300 ## - PHYSICAL DESCRIPTION
Extent vii, 246p Bibliography chapterwise
Dimensions cm.
650 ## - SUBJECT ADDED ENTRY--TOPICAL TERM
Topical term or geographic name entry element Geography
650 ## - SUBJECT ADDED ENTRY--TOPICAL TERM
Topical term or geographic name entry element Natural Resources
9 (RLIN) 233925
942 ## - ADDED ENTRY ELEMENTS (KOHA)
Classification part U671:(G:55), P1
Koha item type General Books
Source of classification or shelving scheme Colon Classification (CC)
Holdings
Withdrawn status Lost status Damaged status Not for loan Home library Current library Date acquired Total Checkouts Full call number Barcode Date last seen Price effective from Koha item type
        Ratan Tata Library Ratan Tata Library 2022-09-25   U671:(G:55) P1 RT1160679 2022-09-25 2022-09-25 General Books
Copyright @ Delhi University Library System